Elementos para una ética de la vulnerabilidad : los hombres, los animales, la naturaleza /

Salvato in:
Dettagli Bibliografici
Autore principale: Pelluchon, Corine (autor)
Natura: Libro
Lingua:spagnolo
Pubblicazione: Bogotá, Colombia : Pontificia Universidad Javeriana : Universidad El Bosque, 2015, c2015
Serie:(Estudios en Bioética)
Soggetti:
Tags: Aggiungi Tag
Nessun Tag, puoi essere il primo ad aggiungerne!!

MARC

LEADER 00000nam^a2200000^a^4500
001 000399029
005 20250521000000.0
009 20260310121542.44
020 |a 978-958-716-738-2 
037 |a Acervo ITESO - Biblioteca 
041 |a ESP 
082 |a 179. 1  |b PEL 
100 |a Pelluchon, Corine  |e (autor) 
245 1 0 |a Elementos para una ética de la vulnerabilidad :  |b los hombres, los animales, la naturaleza /  |c C. Pelluchon ; tr. por Juan Fernando Mejía. 
264 4 |a Bogotá, Colombia :  |b Pontificia Universidad Javeriana :  |b Universidad El Bosque,  |c 2015, c2015 
300 |a 299 p. 
336 |a texto  |b txt  |2 rdacontenido 
337 |a sin mediación  |b n  |2 rdamedio 
338 |a volumen  |b nc  |2 rdasoporte 
440 1 |a (Estudios en Bioética) 
649 |a XX 
650 |a Animales -  |x Aspectos Eticos 
650 |a Ecología -  |x Aspectos Eticos 
650 |a Cultura Política 
650 |a Educación 
650 |a Etica Política 
650 |a Filosofía Política 
650 |a Filosofía de la Naturaleza 
910 |a Fondo General 
920 |a Impresos - Libros 
930 |a Colección General 
905 |a 101 
901 |a 0500294501  |b IT1  |c ACC  |i c156165  |u 20250521 
902 |a https://opac.biblio.iteso.mx/vufind/Record/000399029